| 000 | 00401 a2200133 4500 | ||
|---|---|---|---|
| 001 | 87842 | ||
| 082 | _aPR 218 | ||
| 090 |
_c41304 _d41304 |
||
| 100 | _aMuhammad Junaid Arif, NUST CDT 081104 | ||
| 245 | _aModeling and simulation of the flight control system of Mushshak in MATLAB | ||
| 260 |
_aRisalpur _bNUST Risalpur _c2012 |
||
| 300 |
_aviii, 58p. _eNadeem Shafi Khan |
||
| 500 | _aBE Project Reports | ||
| 942 |
_aCAE NUST _kPR 218 |
||
| 999 |
_c322915 _d322915 |
||